[Event "Panchenko Memorial-A 2020"]
[Site "Chelyabinsk"]
[Date "2020.09.07"]
[Round "1.1"]
[White "Predke, Alexandr"]
[Black "Dolsonov, Ayusha"]
[Result "1/2-1/2"]
[WhiteElo "2684"]
[BlackElo "2244"]
[Annotator "TA"]
[PlyCount "129"]
[EventDate "2020.09.07"]
[EventType "swiss"]
[EventCountry "RUS"]
[SourceTitle "playchess.com"]
[Source "ChessBase"]
[SourceQuality "1"]

{[%evp 19,129,21,25,9,27,10,11,0,0,0,-4,-14,10,10,3,0,2,9,7,-38,12,4,50,45,40,40,52,44,108,40,40,31,46,17,12,0,12,0,0,0,0,19,21,35,41,42,52,41,102,53,131,128,127,129,173,19,21,-10,0,0,0,0,0,0,0,0,0,0,0,0,0,0,0,0,0,0,0,0,0,0,0,0,0,0,0,0,86,80,239,0,0,0,0,0,0,0,0,0,0,0,0,0,0,0,0,0,0,0,0,0,0,0]} 1. d4 Nf6 2. Nf3 e6 3. g3 b6 4. Bg2 Bb7 5. O-O Be7 6. c4 O-O 7. Nc3 Ne4 8. Qc2 Nxc3 9. Qxc3 c5 10. Rd1 d6 11. Qd3 {Threatens to win with Ng5. E19: Queen's Indian: Old Main Line with 7...Ne4 8 Qc2 Nxc3 8 Qxc3.} Qc7 {[#]} 12. dxc5 $146 ({Predecessor:} 12. Bg5 f6 13. Bd2 Nd7 14. a4 a5 15. Bh3 f5 16. d5 Ne5 17. Nxe5 dxe5 18. e4 Rad8 {½-½ (53) Schwarz,R (2024)-Van de Haak,G (2176) ICCF email 2013}) 12... dxc5 13. Bg5 f6 14. Bd2 Nc6 15. Bh3 Bc8 16. Bc3 e5 17. Qd5+ Kh8 18. Bg2 $36 {[%mdl 2048] Strongly threatening Nh4. White has good play.} Rd8 19. Qf7 Rf8 20. Qh5 Be6 21. Nh4 Bf7 22. Qg4 Rfd8 23. Bd5 Bf8 (23... Bxd5 $14 24. cxd5 Nd4) 24. e3 (24. Be4 $1 $16 {Qf5 is the strong threat.} Rd6 25. Nf5 (25. Rxd6 Qxd6 26. Qh3 Be6 $14) 25... Rxd1+ 26. Rxd1) 24... Rac8 $14 25. Rd2 Nb4 {[%cal Rb4d5]} 26. Bxb4 (26. Bxf7 {is interesting.} Qxf7 27. Rad1 Qe8 28. Bxb4 cxb4 29. Rxd8 Rxd8 30. Rxd8 Qxd8 31. Nf3) 26... cxb4 27. Rad1 {Black must now prevent Bxf7.} (27. Qf3 {is more complex.} Bxd5 28. cxd5 Qf7 29. e4 g6 30. Ng2) 27... Bxd5 28. Rxd5 Rxd5 29. cxd5 Rd8 30. Qe4 a5 31. Nf3 Bd6 32. Nd2 a4 33. Qd3 a3 (33... Qd7 $14) 34. b3 Bc5 (34... Qc3 $14 35. Qf5 h6) 35. Ne4 $16 Bf8 36. d6 Qc6 37. d7 $2 ({Better is} 37. Rd2 $18) 37... Kg8 $11 38. f4 exf4 39. gxf4 Kf7 40. Ng3 g6 41. Ne4 Be7 42. f5 Bc5 43. Kf2 {And now Qc4+ would win.} Ke7 $1 44. fxg6 hxg6 45. Nxc5 bxc5 46. Qxg6 Rxd7 {[%mdl 4096] Endgame KQR-KQR} 47. Qg7+ Ke6 48. Qg8+ Ke7 $1 49. Rg1 Kd6 50. Qb8+ Qc7 51. Qb5 Ke6 52. Qc4+ Kd6 (52... Rd5 $11) 53. Rg6 $16 Ke7 $2 {[#]} (53... Rf7 $16 {was called for.}) 54. Rg7+ $2 (54. Qe4+ $1 $18 Kf8 55. Rh6 (55. Rxf6+ Rf7 $14) 55... Rd2+ {[#]} 56. Ke1 $1 {[%mdl 512]}) 54... Kd6 $11 {The position is equal.} 55. Qd3+ Ke6 56. Qe4+ Kd6 57. Qf4+ Kc6 58. Qxf6+ Kb5 59. Rxd7 Qxd7 {KQ-KQ} 60. Kg3 Qd2 61. Qf1+ Kb6 62. Qf6+ Kb5 63. Qe6 Qxa2 64. Qd7+ Kb6 65. Qd6+ {Accuracy: White = 82%, Black = 78%.} 1/2-1/2

[Event "Panchenko Memorial-A 2020"]
[Site "Chelyabinsk"]
[Date "2020.09.07"]
[Round "1.2"]
[White "Skatchkov, Valery"]
[Black "Fedoseev, Vladimir"]
[Result "0-1"]
[WhiteElo "2242"]
[BlackElo "2678"]
[Annotator "TA"]
[PlyCount "102"]
[EventDate "2020.09.07"]
[EventType "swiss"]
[EventCountry "RUS"]
[SourceTitle "playchess.com"]
[Source "ChessBase"]
[SourceQuality "1"]

{[%evp 15,102,0,0,0,0,0,4,-3,-16,-18,-19,-40,-49,-52,-64,-61,-37,-49,-9,-6,-16,-30,-26,-26,-22,-31,-39,-108,-102,-108,-83,-89,-108,-101,-105,-99,-100,-91,-94,-129,-130,-133,-119,-104,-111,-152,-107,-166,-146,-166,-166,-166,-149,-787,-769,-725,-709,-687,-687,-29992,-29993,-29995,-29993,-29993,-29994,-29994,-632,-578,-512,-389,-272,-283,-252,-258,-264,-264,-266,-439,-369,-29961,-29968,-29961,-29968,-29966,-29961,-29964,-29967,-6215,-5497]} 1. d4 d5 2. c4 e6 3. Nc3 h6 4. Nf3 Nf6 5. g3 Bd6 6. Bg2 O-O 7. O-O Nc6 8. cxd5 exd5 9. Nb5 {D35: Queen's Gambit Declined: Exchange Variation.} Bf5 10. Nxd6 cxd6 {[#]} 11. b3 $146 {The position is equal.} ({Predecessor:} 11. Qb3 Qd7 12. Bf4 Be4 13. Rfd1 Rac8 14. Rac1 Rfd8 15. h4 Na5 16. Qb4 Rxc1 17. Rxc1 {0-1 (36) Laurynaitis,L (2105)-Kutkaitis,R Kaunas 1999}) 11... a5 {[%cal Ba7a5,Ba5a4][%mdl 32]} 12. Bb2 Qb6 13. Qd2 a4 14. Qf4 Ne7 15. Ba3 Rfd8 16. Rfc1 Bh7 17. Qd2 Nc6 {[%cal Be7c6,Bc6a5,Ba5b3][%mdl 32]} 18. Qb2 Ne4 19. e3 axb3 20. axb3 Na5 21. Nd2 ({Better is} 21. Rab1 $15) 21... Nxd2 $17 22. Qxd2 Nxb3 23. Qb2 {[#]} Ra6 $1 24. Bf1 Nxa1 25. Bxa6 Qxa6 26. Rxa1 Be4 27. Bc5 Qc6 28. Bb4 Bf3 29. h3 Rc8 30. Kh2 Qb5 31. Rc1 (31. Qd2 $17) 31... Rc4 $19 ({Of course not} 31... Rxc1 $6 32. Qxc1 Be4 33. Qe1 $11) 32. Rxc4 dxc4 33. g4 Qd5 34. Kg3 $2 {[%mdl 8192] Now White is beyond hope.} (34. Qa1 $17) 34... Bh1 35. f4 Qf3+ 36. Kh2 Qf1 37. Bxd6 Be4 38. Bb4 Qh1+ 39. Kg3 Qg1+ 40. Kh4 Qxe3 (40... Kh7 $142 41. d5 Qxe3 42. f5 g5+ 43. fxg6+ fxg6 44. Qh8+ {[%mdl 64] Decoy} Kxh8 45. Bc3+ Kg8 46. Be5 g5+ 47. Kh5 Qxh3#) 41. Qd2 Qf3 42. d5 Bxd5 43. Bc3 f6 {( -> ...g5+)} 44. f5 {[#]} h5 $1 45. Qe1 (45. gxh5 Qe4+) 45... Be4 46. Qd2 $2 (46. Bd4) 46... Bd3 {Strongly threatening ...hxg4.} 47. Qh2 $2 (47. Qe1 $19 Kh7 48. Bxf6 hxg4 49. Bd4) 47... Bxf5 48. gxf5 Qe4+ 49. Kg3 h4+ 50. Kf2 Qxf5+ 51. Ke1 Qb1+ {Accuracy: White = 62%, Black = 87%.} 0-1

[Event "Panchenko Memorial-A 2020"]
[Site "Chelyabinsk"]
[Date "2020.09.07"]
[Round "1.3"]
[White "Rakhmanov, Aleksandr"]
[Black "Matsenko, Andrei"]
[Result "1/2-1/2"]
[WhiteElo "2645"]
[BlackElo "2228"]
[Annotator "TA"]
[PlyCount "80"]
[EventDate "2020.09.07"]
[EventType "swiss"]
[EventCountry "RUS"]
[SourceTitle "playchess.com"]
[Source "ChessBase"]
[SourceQuality "1"]

{[%evp 18,80,13,0,22,0,7,-14,0,0,2,0,9,0,3,5,7,11,17,16,14,22,55,-41,-28,-27,-33,-84,0,0,0,0,10,8,4,10,29,41,83,84,84,0,0,0,0,0,0,0,0,0,0,0,0,0,0,0,0,0,0,0,0,0,0,0,0]} 1. d4 Nf6 2. Nf3 e6 3. e3 b6 4. Bd3 Bb7 5. O-O Be7 6. b3 O-O 7. Bb2 d5 8. Nbd2 Nbd7 9. c4 c5 10. Qe2 Rc8 {10...cxd4 is setting a new trend. E14: Queen's Indian: Classical Variation (4 e3).} 11. Rad1 Qc7 12. e4 (12. cxd5 {is more complex.} Bxd5 13. Ne5 cxd4 14. exd4 Bb7 15. Rc1) 12... dxe4 13. Nxe4 Nxe4 14. Bxe4 Bxe4 15. Qxe4 {[#]} Nf6 $146 ({Predecessor:} 15... Bf6 16. Rd2 Rcd8 17. Rfd1 Rfe8 18. g3 h6 19. h4 Nb8 20. Ne5 Bxe5 21. dxe5 Rxd2 22. Rxd2 {½-½ (49) Morawietz,D (2408)-Zeier,K (2228) Tegernsee 2018}) 16. Qe2 Rfd8 17. Rd3 Ne8 18. Rfd1 Bf6 19. g3 a6 20. Bc1 (20. dxc5 $14 Rxd3 21. Rxd3) 20... cxd4 $15 21. Bf4 Qc5 22. g4 (22. h4 $15) 22... g6 (22... g5 $17 23. Bg3 b5 24. cxb5 axb5) 23. g5 $36 {[%mdl 2048] White has some pressure.} Bg7 24. Be5 Bxe5 25. Qxe5 {[%cal Rd3d4]} Ng7 26. Rxd4 Rxd4 27. Rxd4 Nf5 {[#] Strongly threatening ...Qxe5.} 28. Qxc5 $1 Rxc5 $16 {[%mdl 4096] Endgame [#] KRN-KRN} 29. Re4 ({White should play} 29. Rd8+ $1 $16 Kg7 30. a4) 29... Kf8 $11 {The position is equal.} 30. Kf1 Ke7 31. Ke2 h6 32. h4 hxg5 33. hxg5 Nd6 34. Re5 Rxe5+ 35. Nxe5 {KN-KN} Ne4 36. f4 Nc3+ 37. Kd2 Nxa2 38. Nc6+ Kd6 39. Ne5 Ke7 40. Nc6+ Kd6 {Accuracy: White = 83%, Black = 87%.} 1/2-1/2

[Event "Panchenko Memorial-A 2020"]
[Site "Chelyabinsk"]
[Date "2020.09.07"]
[Round "1.4"]
[White "Shoboev, Dandar"]
[Black "Demchenko, Anton"]
[Result "0-1"]
[WhiteElo "2225"]
[BlackElo "2641"]
[Annotator "TA"]
[PlyCount "58"]
[EventDate "2020.09.07"]
[EventType "swiss"]
[EventCountry "RUS"]
[SourceTitle "playchess.com"]
[Source "ChessBase"]
[SourceQuality "1"]

{[%evp 13,58,20,28,6,31,39,41,15,14,10,10,0,0,0,0,0,26,9,30,0,0,-25,-34,-73,-38,-123,-122,-117,0,0,0,0,0,0,0,0,0,0,0,-277,-288,-237,-239,-383,-379,-527,-525]} 1. d4 Nf6 2. c4 g6 3. Nc3 Bg7 4. e4 O-O 5. Be2 d6 6. Bg5 Na6 7. f4 c6 8. Qd2 {E73: King's Indian: Averbakh Variation without 6...c5.} b5 9. cxb5 cxb5 {[#]} 10. Bxf6 $146 {White is slightly better.} ({Predecessor:} 10. Bxb5 Rb8 11. a4 d5 12. e5 Ne4 13. Nxe4 dxe4 14. Ne2 Nc7 15. Bc4 Nd5 16. Nc3 {0-1 (34) Fier,A (2628)-Adhiban,B (2627) Biel 2015}) 10... exf6 11. Bxb5 f5 12. e5 Nc7 13. Be2 Bh6 {aiming for ...dxe5.} 14. g3 Rb8 15. Rd1 Bb7 16. Bf3 Qc8 17. b3 Rd8 {...dxe5 is the strong threat.} 18. Qc1 Ne6 {[%cal Bc7e6,Be6f8,Bf8e6,Be6d4,Bd4f3][%mdl 32] Hoping for ...dxe5.} 19. Nce2 ({White should play} 19. exd6 $1 $15 Bg7 20. Na4) 19... Qd7 $17 20. exd6 {[#]} Bg7 ({Reject} 20... Qxd6 $6 21. Bxb7 Rxb7 22. Nf3 $11) (20... Rbc8 $1 $17 {[%cal Rc8c1]} 21. Qe3 Ba6) 21. d5 $11 Nf8 22. Nd4 $1 {[%cal Rd4c6]} Bxd4 23. Rxd4 Qxd6 24. Ne2 $36 {[%mdl 2048] White has the initiative.} Qb6 25. Qd2 Ba6 26. Kf1 $2 {[%mdl 8192] [#]} (26. b4 $11 {and White is okay.}) 26... Ne6 $1 $19 {[%cal Re6d4][%mdl 576] Pin} 27. Ra4 {and if Kg2 works, White does fine.} (27. dxe6 Rxd4) 27... Bb5 28. Ra5 (28. Rc4 $142 Bxc4 29. bxc4) 28... Nd4 29. Rxb5 Nxf3 {Accuracy: White = 54%, Black = 81%.} ({Not} 29... Nxb5 30. Kg2 $17) 0-1

[Event "Panchenko Memorial-A 2020"]
[Site "Chelyabinsk"]
[Date "2020.09.07"]
[Round "1.5"]
[White "Ponkratov, Pavel"]
[Black "Grebnev, Aleksey"]
[Result "1-0"]
[WhiteElo "2631"]
[BlackElo "2223"]
[Annotator "TA"]
[PlyCount "89"]
[EventDate "2020.09.07"]
[EventType "swiss"]
[EventCountry "RUS"]
[SourceTitle "playchess.com"]
[Source "ChessBase"]
[SourceQuality "1"]

{[%evp 13,89,18,12,5,27,6,13,4,16,6,0,0,0,0,8,0,21,11,28,27,43,48,64,63,84,79,87,81,84,53,47,67,95,92,86,77,77,98,143,139,139,142,157,139,193,0,184,179,181,178,200,148,191,147,260,180,167,132,339,176,193,193,149,166,171,171,289,210,292,279,751,715,1173,1141,1860,864,1835,1747]} 1. d4 Nf6 2. Bg5 g6 3. c4 Bg7 4. Nc3 O-O 5. e4 d6 6. Be2 Na6 7. f4 c6 8. Nf3 {E73: King's Indian: Averbakh Variation without 6...c5.} d5 9. cxd5 cxd5 10. e5 {The position is equal.} Ne4 11. Qb3 Nc7 12. Bh4 {[#]} Bh6 $146 ({Predecessor:} 12... Be6 13. O-O f6 14. Rad1 Bh6 15. Bg3 Kh8 16. Bd3 Qd7 17. Qc2 f5 18. Rc1 Rfc8 {½-½ (26) Boensch,U (2530)-Galyas,M (2433) Germany 2008}) 13. Bg5 $36 {[%mdl 2048] White is more active.} Bxg5 14. Nxg5 Nxg5 15. fxg5 Rb8 16. Rd1 Be6 17. O-O Qd7 18. Rd2 Rfc8 19. Nd1 Bg4 20. Bf3 Rf8 21. Nf2 Bxf3 22. Qxf3 Kh8 23. Ng4 Ne6 24. h4 Rbc8 25. Nh6 Nd8 26. Qe3 Qe6 27. Rdf2 a6 28. Kh2 Kg7 (28... Rc4 $16 29. b3 Rc8) 29. Kg1 $2 {[#]} ({Better is} 29. h5 $18) 29... Rc6 $2 (29... Kh8 $11) 30. Qa3 $18 Qd7 31. Rf4 Rc4 32. R1f2 Rc1+ 33. Kh2 Rc4 (33... Ra1 $16 {might work better.} 34. Qe3 Qe6) 34. Qf3 {[%cal Rf4f7] [#] White wants to mate with Rxf7+.} Qe6 35. Qg3 Qd7 $2 {A mistake that costs the game.} (35... Rc1 $16 36. Qe3 Rb1) 36. Qa3 (36. h5 $142) 36... Rc6 37. Qf3 {[%cal Rf4f7] White threatens Rxf7+ and mate.} Qe6 38. Ng4 {[%cal Bh6g4,Bg4f6,Bf6h5][%mdl 32]} Rc7 39. h5 Nc6 (39... a5 {was necessary.} 40. Ne3 Rd7) 40. Qg3 Rcc8 41. Qh4 Nd8 $2 (41... Kh8 42. a3 Ra8) 42. Nf6 {White is clearly winning.} ({Weaker is} 42. hxg6 Qxg6 43. Ne3 Kh8 $16) 42... Rh8 43. hxg6 fxg6 44. Qh6+ Kf7 45. Nh5+ {Accuracy: White = 78%, Black = 53%.} 1-0

[Event "Panchenko Memorial-A 2020"]
[Site "Chelyabinsk"]
[Date "2020.09.07"]
[Round "1.6"]
[White "Zhukov, Anton"]
[Black "Kokarev, Dmitry"]
[Result "1/2-1/2"]
[WhiteElo "2223"]
[BlackElo "2611"]
[Annotator "TA"]
[PlyCount "66"]
[EventDate "2020.09.07"]
[EventType "swiss"]
[EventCountry "RUS"]
[SourceTitle "playchess.com"]
[Source "ChessBase"]
[SourceQuality "1"]

{[%evp 15,66,22,57,20,10,4,4,-33,-33,-33,-24,-33,-36,-35,0,0,0,0,0,-24,-25,-31,-11,-20,-6,-66,-43,-70,-57,-34,-20,-27,-32,-20,-41,-13,-49,-47,-37,-39,0,0,0,0,0,0,0,0,0,0,0,0,0]} 1. d4 g6 2. c4 Bg7 3. e4 d6 4. Nc3 Nf6 5. Be2 O-O 6. Be3 Na6 7. Nf3 e5 8. O-O c6 {8...Qe7 is the recent fashion. Played by Liren Ding in August 2020.} 9. h3 {E94: King's Indian: Classical: 6 Be2 e5 7 0-0: Various Black 7th moves.} exd4 10. Bxd4 Re8 11. e5 dxe5 12. Bxe5 Bf5 13. Qxd8 Raxd8 {[#]} 14. Rad1 $146 ({Predecessor:} 14. Rfd1 Nc5 15. Rxd8 Rxd8 16. g4 Be6 17. Rd1 Rxd1+ {½-½ (17) Trichkov,V (2336)-Plischki,S (2418) Prague 2009}) 14... Nb4 15. Rxd8 Rxd8 16. a3 Nd3 17. Bxd3 Rxd3 18. Rd1 Nd7 19. Bxg7 {[#] And now Bd4 would win.} Kxg7 20. Nd4 ({Better is} 20. Rxd3 $11 Bxd3 21. b3) 20... Kf6 $15 21. Rxd3 Bxd3 {[%mdl 4096] Endgame KBN-KNN} 22. b3 Ke5 23. Nf3+ Kd6 24. Ne1 Kc5 {...Kd4 is the strong threat.} 25. Na4+ ({Avoid the trap} 25. Nxd3+ $2 Kd4 $19) 25... Kd4 {[#] aiming for ...Be2.} 26. Nf3+ Ke4 {Hoping for ...Bc2.} 27. Nc3+ Kf4 28. Ne1 {The position is equal.} Bf5 29. g4 Be6 30. Nd3+ Kf3 31. Ne1+ Kf4 32. Nd3+ Kf3 33. Ne1+ Kf4 {Accuracy: White = 85%, Black = 86%.} 1/2-1/2

[Event "Panchenko Memorial-A 2020"]
[Site "Chelyabinsk"]
[Date "2020.09.07"]
[Round "1.7"]
[White "Aleksandrov, Aleksej"]
[Black "Pingin, Artem"]
[Result "1-0"]
[WhiteElo "2608"]
[BlackElo "2219"]
[Annotator "TA"]
[PlyCount "126"]
[EventDate "2020.09.07"]
[EventType "swiss"]
[EventCountry "RUS"]
[SourceTitle "playchess.com"]
[Source "ChessBase"]
[SourceQuality "1"]

{[%evp 9,126,-26,-18,-12,-16,-33,0,-12,0,0,0,0,2,-9,53,11,16,18,10,10,18,10,29,17,33,14,11,11,27,0,0,0,0,-8,19,7,22,31,48,41,204,205,214,175,168,181,202,178,178,169,170,168,193,207,224,175,208,221,256,277,244,224,347,342,310,336,391,341,406,409,762,336,337,337,311,327,330,325,388,377,412,404,456,459,480,476,552,542,613,579,810,810,763,784,796,772,768,719,733,746,1000,949,1345,1329,5691,1392,12845,12845,12846,12846,12847,12847,12847,12848,12848,12847,12849,12849,12850]} 1. f4 d5 2. Nf3 Nf6 3. b3 g6 4. Bb2 Bg7 5. g3 O-O 6. Bg2 {A03: Bird's Opening with 1...d5.} c5 7. O-O b6 8. e3 {The position is equal.} Bb7 9. Qe2 Nc6 10. Na3 {[#]} Re8 $146 ({Predecessor:} 10... e6 11. c4 Qe7 12. Ne5 Rfd8 13. cxd5 exd5 14. Nac4 Nb4 15. Na3 Ba6 16. Nb5 Rac8 {0-1 (65) Loos,C-Gieben,S (2030) Sneek 2013}) 11. c4 d4 (11... e6 $11) 12. exd4 Nxd4 13. Nxd4 Bxg2 14. Qxg2 {Nc6 is the strong threat.} cxd4 15. Nc2 Ng4 16. Rae1 Qd7 17. Nb4 Rac8 18. Nd3 Qd6 19. f5 gxf5 20. Rxf5 Qg6 21. Qe4 e6 (21... e5 $5) 22. Rff1 f5 23. Qf3 Qh6 {[%csl Gg4][%cal Rh6h2]} 24. Re2 Rc7 $2 {Loses the game.} (24... Qh5 $1 $14) 25. Rfe1 $18 b5 26. c5 Rf7 {intending ...e5.} 27. Qg2 Rfe7 28. h3 Nf6 29. Bxd4 Ne4 30. Be3 $36 {[%mdl 2048] Black is under strong pressure.} Qg6 31. g4 Qf7 32. Rf1 Rd7 33. Nf4 Nf6 34. gxf5 exf5 35. Qc6 b4 (35... Nd5 {keeps fighting.} 36. Nxd5 Qxd5 37. Qxb5 Bd4) 36. Rg2 Kh8 37. Kh1 Rc7 38. Qb5 Rb7 39. Qe2 Nd5 {[#]} (39... Qd7 $142 40. Qa6 Rc7) 40. Nxd5 (40. Rxg7 $142 $1 {[%mdl 512]} Kxg7 (40... Qxg7 41. Nxd5) 41. Qg2+ {[%mdl 64] Double Attack} Kf8 42. Nxd5) 40... Qxd5 {[#]} 41. Qf3 $1 Qxf3 42. Rxf3 Rf7 43. Rgf2 Ref8 44. Kg2 Kg8 45. Kf1 a5 46. Ke2 {White is clearly winning.} a4 47. Kd3 Be5 48. Kc4 axb3 49. axb3 f4 50. Bd4 Bxd4 51. Kxd4 {[%mdl 4096] Endgame KRR-KRR} Kg7 52. Kc4 Kg6 53. Kxb4 Kg5 54. Kc4 Kh4 55. b4 h5 56. b5 Rg7 57. b6 (57. Rxf4+ $142 Rxf4+ 58. Rxf4+ Kg3 59. Rf6) 57... Rg3 58. Rxf4+ Rxf4+ 59. Rxf4+ Kxh3 {KR-KR} 60. b7 Rg8 61. c6 Kg3 62. Rd4 {Intending c7 and mate.} h4 63. c7 Rh8 {Accuracy: White = 85%, Black = 49%.} 1-0

[Event "Panchenko Memorial-A 2020"]
[Site "Chelyabinsk"]
[Date "2020.09.08"]
[Round "2.1"]
[White "Fedoseev, Vladimir"]
[Black "Badelka, Olga"]
[Result "1/2-1/2"]
[WhiteElo "2678"]
[BlackElo "2427"]
[Annotator "TA"]
[PlyCount "88"]
[EventDate "2020.09.07"]
[EventType "swiss"]
[EventCountry "RUS"]
[SourceTitle "playchess.com"]
[Source "ChessBase"]
[SourceQuality "1"]

{[%evp 16,88,4,2,-3,-13,26,23,42,49,68,0,0,0,0,-63,-29,-103,-111,-181,-104,-60,-72,-111,-90,-43,86,-219,-212,-336,-341,-329,-324,-437,-429,-428,-422,-407,-410,-389,-306,-301,-301,-429,-417,-341,-268,-688,-453,-447,-332,-454,-54,-61,0,-652,-174,-174,-174,-212,-212,-411,0,0,0,0,0,0,0,0,0,0,0,-8,0]} 1. e4 e6 2. d4 d5 3. Nc3 Nf6 4. e5 Nfd7 5. Nce2 c5 6. c3 Nc6 7. f4 Be7 8. Nf3 O-O 9. g3 b5 {[%cal Bb7b5,Bb5b4][%mdl 32] C11: French: Classical System: 4 e5 and 4 Bg5 dxe4.} 10. a3 b4 {[#]} 11. dxc5 $146 ({Predecessor:} 11. axb4 cxb4 12. Bh3 bxc3 13. bxc3 a5 14. O-O Nb6 15. g4 Nc4 16. Ng3 Qb6 17. Rf2 {½-½ (54) Yang,K (2366)-Gomez,J (2457) Manila 2008}) 11... bxc3 {White has an edge.} 12. b4 $1 f6 {[%cal Rf6e5]} 13. Bh3 (13. Ned4 $14 Nxd4 14. Nxd4 Nxe5 15. fxe5 fxe5 16. Nc6 {[%mdl 64] Double Attack}) 13... Nxc5 $1 $11 14. bxc5 fxe5 15. Nxc3 ({White should try} 15. Nxe5 $11 Nxe5 16. fxe5 Bxc5 17. Qd3) 15... e4 $1 $15 {[%cal Re4f3]} 16. Qa4 (16. Nd4 $11 Nxd4 17. Qxd4) 16... Bf6 $17 17. Bd2 (17. O-O $17 Bd7 18. Nxe4 Bxa1 19. Neg5) 17... Qc7 (17... Qe8 $1 $19 18. Ne5 Bxe5 19. fxe5 Bd7) 18. Nb5 Qe7 $1 19. Nfd4 Nxd4 $1 20. Nxd4 Qxc5 (20... e5 $1 $15 {keeps the upper hand.} 21. Nf5 Bxf5 22. Bxf5 exf4) 21. Nxe6 $2 {[%mdl 8192]} (21. Be3 $1 $16 {stays on course.}) 21... Qb6 $19 22. Nxf8 (22. Qb4 {was worth a try.} Re8 23. Qxb6 axb6 24. Nc7 Bxa1 25. Bxc8 Rexc8 26. Nxa8 Rxa8 27. Bb4) 22... Bxh3 23. Rc1 {And now Nd7 would win.} ({Much weaker is} 23. Nd7 Bxd7 24. Qxd7 Rd8 $19) 23... Rxf8 24. Rc6 Qb1+ 25. Qd1 Qb5 26. Qc2 {[#]} e3 $1 {[%mdl 512]} 27. Bb4 (27. Bxe3 Re8) 27... Re8 28. Rc5 Qd7 29. Qb3 (29. Qa2 $142) 29... Bg2 30. Rg1 Bf3 31. Bc3 $2 (31. Rf1 Be4 32. Bc3) 31... Bxc3+ 32. Rxc3 Qe7 33. Rf1 {[#]} Bg2 $2 ({Black should play} 33... Qe4 $1 $19 {[%cal Re4d4] Strongly threatening ...Qd4.} 34. Qb2 d4) 34. Rg1 $15 Bf3 (34... Qe4 $1 $15 35. Qc2 Qxc2 36. Rxc2 Bf3) 35. f5 $2 {[%mdl 8192]} (35. Rf1 $11 Qe4 36. Qc2) 35... Kh8 $2 (35... Qe5 {...Qd4 is the strong threat.} 36. Qc2 Qd4) 36. Rf1 $19 d4 37. Rxf3 {aiming for Rc6.} dxc3 38. Qxc3 $2 {[%mdl 4096] Endgame [#] KQR-KQR} (38. f6 Qc7 39. f7) 38... Qb7 $2 (38... Qe4 $1 $19 {[%cal Re4f3]} 39. Ke2 Rd8) 39. Rxe3 $11 {[%cal Re3e8] The position is equal.} Qh1+ {[%mdl 64] Double Attack} 40. Kf2 {[%cal Re3e8]} Qxh2+ 41. Kf3 {[%cal Re3e8]} Qh1+ 42. Kf2 {[%cal Re3e8]} Qh2+ 43. Kf3 {[%cal Re3e8]} Qh1+ 44. Kf2 {[%cal Re3e8]} Qh2+ {Accuracy: White = 40%, Black = 55%.} 1/2-1/2